Inglaterra y el Mediterráneo (Registro nro. 169119)

Detalles MARC
000 -LEADER
campo de control de longitud fija 00979nam a2200253 i 4500
001 - NÚMERO DE CONTROL
campo de control 169119
003 - IDENTIFICADOR DE NÚMERO DE CONTROL
campo de control ES-MaACL
005 - FECHA Y HORA DE LA ÚLTIMA TRANSACCIÓN
campo de control 20250812062537.0
008 - DATOS DE LONGITUD FIJA--INFORMACIÓN GENERAL
campo de control de longitud fija 080819s1955 sp f |||| | spa d
080 ## - NÚMERO DE LA CLASIFICACIÓN DECIMAL UNIVERSAL
Número de la Clasificación Decimal Universal 32(42)
100 1# - ENTRADA PRINCIPAL--NOMBRE DE PERSONA
Nombre de persona Pryce-Jones, Alan.
9 (RLIN) 94091
245 10 - MENCIÓN DEL TÍTULO
Título Inglaterra y el Mediterráneo
Resto del título : aspectos de la soledad británica /
Mención de responsabilidad, etc. Alan Pryce-Jones.
260 ## - PUBLICACIÓN, DISTRIBUCIÓN, ETC.
Lugar de publicación, distribución, etc. Madrid :
Nombre del editor, distribuidor, etc. Ateneo,
Fecha de publicación, distribución, etc. 1955.
300 ## - DESCRIPCIÓN FÍSICA
Extensión 30 p. :
Otras características físicas 1 lám. ;
Dimensiones 19 cm.
490 1# - MENCIÓN DE SERIE
Mención de serie Colección "O crece o muere" ;
Designación de volumen o secuencia 88
500 ## - NOTA GENERAL
Nota general El original fue dado a conocer por el autor en el Ateneo de Madrid dentro del ciclo "Tendencias actuales del pensamiento europeo", el día 15 de marzo de 1955.
610 27 - PUNTO DE ACCESO ADICIONAL DE MATERIA--NOMBRE DE ENTIDAD CORPORATIVA
Nombre de entidad corporativa o nombre de jurisdicción como elemento de entrada Ateneo de Madrid-
Subdivisión de forma Conferencias-
Subdivisión cronológica 1940-1982.
9 (RLIN) 1908
651 #4 - PUNTO DE ACCESO ADICIONAL DE MATERIA--NOMBRE GEOGRÁFICO
Nombre geográfico Inglaterra-
Subdivisión general Política y gobierno.
9 (RLIN) 8844
830 00 - PUNTO DE ACCESO ADICIONAL DE SERIE-TÍTULO UNIFORME
Título uniforme Colección "O crece o muere"
Designación de volumen o secuencia 88
9 (RLIN) 183476
852 ## - LOCALIZACIÓN
Ubicación ES-MaACL
Número de control de estantería J-24(88)
852 ## - LOCALIZACIÓN
Ubicación ES-MaACL
Número de control de estantería J-25(88)
852 ## - LOCALIZACIÓN
Ubicación ES-MaACL
Número de control de estantería 2207-F-4
Existencias
Estatus retirado Estado de pérdida Estado de daño No para préstamo Colección Biblioteca de origen Biblioteca actual Ubicación en estantería Fecha de adquisición Total de préstamos Signatura topográfica completa Código de barras Visto por última vez Precio de reemplazo Tipo de ítem Koha
        Fondo Ateneo de Madrid Biblioteca del Ateneo de Madrid Biblioteca del Ateneo de Madrid Depósito 2 19/08/2008   J-25(88) 1177550 23/02/2023 23/02/2023 Libro impreso
        Colección de folletos Biblioteca del Ateneo de Madrid Biblioteca del Ateneo de Madrid Depósito folletos 02/08/2017   2207-F-4 1197916 23/02/2023 23/02/2023 Folleto
        Fondo Ateneo de Madrid Biblioteca del Ateneo de Madrid Biblioteca del Ateneo de Madrid Depósito 2 19/08/2008   J-24(88) 1177549 23/02/2023 23/02/2023 Libro impreso